| 000 | 00000nam 2200000zi 4500 |
| 001 | 9.940420 |
| 003 | CaOODSP |
| 005 | 20240710170202 |
| 006 | m o d f |
| 007 | cr |n||||||||| |
| 008 | 240710e201805uuntc ob f100 0 fre d |
| 040 | |aCaOODSP|bfre|erda|cCaOODSP |
| 043 | |an-cn--- |
| 086 | 1 |aR103-1/4-2018F-PDF |
| 111 | 2 |aConférence sur le logement dans le Nord |d(mai 2018 : |cYellowknife, Territoires du Nord-Ouest)|jorganisme de publication. |
| 245 | 10|aLutte contre la moisissure : |bcauses fondamentales, atténuation et prévention / |cproduit de la Conférence sur le logement dans le Nord. |
| 264 | 1|aYellowknife (Territoires du Nord-Ouest) : |bConférence sur le logement dans le Nord, |cmai 2018 |
| 300 | |a1 ressource en ligne (2 pages) |
| 336 | |atexte|btxt|2rdacontent/fre |
| 337 | |ainformatique|bc|2rdamedia/fre |
| 338 | |aressource en ligne|bcr|2rdacarrier/fre |
| 490 | 1 |aSérie de fiches d'information de la Conférence sur le logement dans le Nord |
| 500 | |aTitre de départ. |
| 500 | |aPublié aussi en anglais sous le titre : Combatting mould : root causes, mitigation, and prevention. |
| 504 | |aComprend des références bibliographiques. |
| 650 | 6|aMoisissures|xLutte contre|zCanada (Nord)|vCongrès. |
| 650 | 6|aHumidité dans les constructions|zCanada (Nord)|vCongrès. |
| 650 | 6|aHabitations|xConception et construction|zCanada (Nord)|vCongrès. |
| 710 | 2 |aSavoir polaire Canada, |eorganisme parrain. |
| 775 | 08|tCombatting mould : |w(CaOODSP)9.940418 |
| 830 | #0|aSérie de fiches d'information de la Conférence sur le logement dans le Nord.|w(CaOODSP)9.940383 |
| 856 | 40|qPDF|s98 Ko|uhttps://publications.gc.ca/collections/collection_2024/polaire-polar/R103-1-4-2018-fra.pdf |